01316nam a22002657a 45000010005000000030006000050050017000110080041000280200014000690400029000830820011001121000022001232450083001452500042002282600042002703000044003125050008003565200539003645210029009035210020009326500019009526500019009716500024009907000036010149532FISKH20260120092618.0260120b cb ||||| |||| 00| 0 eng d a241018722 aFISKHbengcFISKHdFISKH a823.91 aTrease , Geoffrey aA masque for the queen /cBy Geoffrey Trease : Illustrated by Krystyna Turska aFirst published in Great Britain 1970 aLondon : bHamist Hamilton , c1970 . a87 pages : billustrations ; c19 cm .  aX  aThe novel is set in Elizabethan England during the reign of Queen Elizabeth I. It follows a young man who becomes involved in preparing a court masque for the Queen. What begins as a theatrical project soon draws him into dangerous political intrigue, as the masque is linked to secret plots and rivalries at court. Through his experiences, he learns about loyalty, courage, and the hidden power of art. The story combines historical detail with adventure, showing how theatre and politics were closely connected in Elizabethan times.8 a890 bLexile estimate 8 aX bRaz-Plus  aPlay vFiction aScan vFiction aAdventure vFiction aTurska , KrystynaeIllustrator